[Event "Benidorm op-A"]
[Site "Benidorm"]
[Date "2023.11.03"]
[Round "7"]
[White "Rey Malde, Henrique"]
[Black "Torres Rebolledo, Alvaro"]
[Result "1-0"]
[WhiteElo "2207"]
[BlackElo "2113"]
[PlyCount "69"]
[EventDate "2023.10.29"]
[EventType "swiss"]
[EventRounds "9"]
[EventCountry "ESP"]
[SourceTitle "Mega2024 Update 01"]
[Source "Chessbase"]
[SourceDate "2023.11.12"]
[SourceVersion "1"]
[SourceVersionDate "2023.11.12"]
[SourceQuality "1"]

1. e4 c6 2. d4 d5 3. e5 Bf5 4. h4 h6 5. g4 Be4 6. f3 Bh7 7. e6 Nf6 8. exf7+ Kxf7 9. Bd3 Qd6 10. Bxh7 Rxh7 11. Ne2 Nbd7 12. Bf4 e5 13. dxe5 Nxe5 14. 0-0 g5 15. Bg3 gxh4 16. Bxh4 Be7 17. Nd4 Rg8 18. Qe2 h5 19. g5 Ng6 20. Nf5 Qf4 21. Nxe7 Nxe7 22. Qh2 Qd4+ 23. Kh1 Ne8 24. Nc3 Nf5 25. Bf2 Qd2 26. Ne4 dxe4 27. fxe4 Qxc2 28. Qf4 Ned6 29. exf5 Nxf5 30. Rae1 Rf8 31. g6+ Kxg6 32. Rg1+ Kf7 33. Rg5 Qd3 34. Rxf5+ Kg7 35. Rg1+ 1-0

[Event "Benidorm op-A"]
[Site "Benidorm"]
[Date "2023.11.01"]
[Round "4"]
[White "Chkhaidze, Nikoloz"]
[Black "Torres Rebolledo, Alvaro"]
[Result "0-1"]
[WhiteElo "2262"]
[BlackElo "2113"]
[PlyCount "106"]
[EventDate "2023.10.29"]
[EventType "swiss"]
[EventRounds "9"]
[EventCountry "ESP"]
[SourceTitle "Mega2024 Update 01"]
[Source "Chessbase"]
[SourceDate "2023.11.12"]
[SourceVersion "1"]
[SourceVersionDate "2023.11.12"]
[SourceQuality "1"]

1. c4 e5 2. g3 c6 3. Nf3 e4 4. Nd4 Qb6 5. Nb3 a5 6. d3 a4 7. N3d2 exd3 8. Bg2 Nf6 9. 0-0 Be7 10. e4 d6 11. Nc3 Qd4 12. Nxa4 b5 13. Nf3 Qa7 14. Nc3 bxc4 15. e5 dxe5 16. Nxe5 Qc5 17. Re1 0-0 18. Nxc4 Qxc4 19. Rxe7 Be6 20. Bd2 Nbd7 21. Rc1 Qd4 22. Bxc6 Ng4 23. Ne4 Nde5 24. Bc3 Qd8 25. Bxa8 Qxe7 26. Qa4 Bd7 27. Qa6 f5 28. Bd5+ Kh8 29. Qd6 Qe8 30. Ng5 Rf6 31. Qc7 Bc6 32. Bxe5 Nxe5 33. Bxc6 Nxc6 34. Nf3 h6 35. Re1 Qxe1+ 36. Nxe1 d2 37. Nf3 d1Q+ 38. Kg2 Qd5 39. Qf4 g5 40. Qd2 Qxd2 41. Nxd2 Nd4 42. Nc4 Ra6 43. a3 Rc6 44. Ne3 Rc1 45. h4 g4 46. b4 Nf3 47. Nf1 Ra1 48. b5 Rxa3 49. Ne3 Ra1 50. Nf1 Rb1 51. h5 Rxb5 52. Ne3 Rb1 53. Nxg4 Ne1+ 0-1

[Event "Gijon RGCC op 7th"]
[Site "Gijon"]
[Date "2023.08.11"]
[Round "9"]
[White "Huerga Leache, Mikel"]
[Black "Torres Rebolledo, Alvaro"]
[Result "1-0"]
[WhiteElo "2443"]
[BlackElo "2116"]
[PlyCount "51"]
[EventDate "2023.08.05"]
[EventType "swiss"]
[EventRounds "9"]
[EventCountry "ESP"]
[SourceTitle "EXT 2024"]
[Source "ChessBase"]
[SourceDate "2023.10.10"]
[SourceVersion "1"]
[SourceVersionDate "2023.10.10"]
[SourceQuality "1"]

1. c4 e5 2. g3 c6 3. d4 e4 4. Qa4 Nf6 5. Nc3 d5 6. cxd5 Bd7 7. dxc6 Bxc6 8. Qd1 h5 9. Bg5 h4 10. d5 hxg3 11. dxc6 gxf2+ 12. Kxf2 Ng4+ 13. Ke1 Qxg5 14. cxb7 Qh4+ 15. Kd2 Qh6+ 16. e3 Nxe3 17. Qa4+ Kd8 18. Qa5+ Ke8 19. Qb5+ Kd8 20. bxa8Q Nf5+ 21. Kd1 Ne3+ 22. Ke2 Bd6 23. Qaxb8+ Bxb8 24. Qxb8+ Ke7 25. Qxh8 Qxh8 26. Kxe3 1-0

[Event "Gijon RGCC op 7th"]
[Site "Gijon"]
[Date "2023.08.08"]
[Round "6"]
[White "Torres Rebolledo, Alvaro"]
[Black "Sarasketa Irastortza, Oier"]
[Result "1-0"]
[WhiteElo "2116"]
[BlackElo "1767"]
[PlyCount "85"]
[EventDate "2023.08.05"]
[EventType "swiss"]
[EventRounds "9"]
[EventCountry "ESP"]
[SourceTitle "EXT 2024"]
[Source "ChessBase"]
[SourceDate "2023.10.10"]
[SourceVersion "1"]
[SourceVersionDate "2023.10.10"]
[SourceQuality "1"]

1. e4 c5 2. Nc3 Nc6 3. Bb5 Nd4 4. Nf3 Nxb5 5. Nxb5 a6 6. Nc3 d6 7. 0-0 Nf6 8. d4 cxd4 9. Qxd4 e6 10. e5 dxe5 11. Qxd8+ Kxd8 12. Nxe5 Ke8 13. a4 b6 14. Be3 Bc5 15. Bxc5 bxc5 16. a5 Bd7 17. Nc4 Rb8 18. Rfd1 Ke7 19. b3 Rb4 20. Rd2 Bc6 21. Ne5 Rc8 22. Rad1 Bd5 23. Na4 Ne4 24. Nb6 Rxb6 25. axb6 Nxd2 26. Rxd2 f6 27. Rxd5 fxe5 28. b7 Rb8 29. Rxc5 Rxb7 30. Rc6 a5 31. Ra6 Rb5 32. Kf1 Kf6 33. Ke2 Kf5 34. Ra7 Kf6 35. Kd3 Rc5 36. c4 h5 37. Kc3 g6 38. b4 axb4+ 39. Kxb4 Rc8 40. c5 e4 41. Kb5 e5 42. c6 Ke6 43. Kb6 1-0

[Event "ESP-ch U14 rapid"]
[Site "Salobrena"]
[Date "2023.07.23"]
[Round "6"]
[White "Rodriguez Canovas, Elena"]
[Black "Torres Rebolledo, Alvaro"]
[Result "0-1"]
[WhiteElo "1511"]
[BlackElo "1951"]
[PlyCount "100"]
[EventDate "2023.07.22"]
[EventType "swiss (rapid)"]
[EventRounds "9"]
[EventCountry "ESP"]
[SourceTitle "EXT 2024"]
[Source "ChessBase"]
[SourceDate "2023.10.10"]
[SourceVersion "1"]
[SourceVersionDate "2023.10.10"]
[SourceQuality "1"]

1. d4 Nf6 2. Nf3 e6 3. g3 d5 4. Bg2 Be7 5. 0-0 0-0 6. c4 dxc4 7. Qa4 a6 8. Qxc4 b5 9. Qc2 Bb7 10. Rd1 Nbd7 11. Nc3 Nb6 12. Re1 b4 13. Nb1 Be4 14. Qd1 c5 15. dxc5 Bxc5 16. Nbd2 Qe7 17. Nxe4 Nxe4 18. e3 Rfd8 19. Qe2 Rac8 20. Nd2 Nxd2 21. Bxd2 a5 22. Rac1 Na4 23. Rc2 Bd6 24. Rec1 Rxc2 25. Rxc2 Nc5 26. Qb5 Qa7 27. Qc4 Bf8 28. Be4 Nxe4 29. Qxe4 Qa6 30. Qf3 Qd3 31. Qd1 a4 32. b3 axb3 33. axb3 Qxb3 34. Qc1 Qd3 35. Be1 Qd1 36. Kg2 b3 37. Rc8 Qd5+ 38. f3 Rxc8 39. Qxc8 Qb5 40. Bc3 b2 41. Bxb2 Qxb2+ 42. Kh3 Qe2 43. Qc6 Qxe3 44. f4 e5 45. fxe5 Qxe5 46. Kg2 h5 47. h3 Qe2+ 48. Kg1 g6 49. Qa4 Bc5+ 50. Kh1 Qf1+ 0-1

[Event "ESP-ch U14 rapid"]
[Site "Salobrena"]
[Date "2023.07.23"]
[Round "5"]
[White "Torres Rebolledo, Alvaro"]
[Black "Bartolome Benito, Alejandro"]
[Result "1-0"]
[WhiteElo "1951"]
[BlackElo "1554"]
[PlyCount "51"]
[EventDate "2023.07.22"]
[EventType "swiss (rapid)"]
[EventRounds "9"]
[EventCountry "ESP"]
[SourceTitle "EXT 2024"]
[Source "ChessBase"]
[SourceDate "2023.10.10"]
[SourceVersion "1"]
[SourceVersionDate "2023.10.10"]
[SourceQuality "1"]

1. d4 Nf6 2. c4 b6 3. Nc3 Bb7 4. Qc2 d5 5. cxd5 Nxd5 6. e4 Nxc3 7. bxc3 e5 8. Nf3 exd4 9. Bc4 Nc6 10. 0-0 d3 11. Bxd3 Qe7 12. a4 0-0-0 13. Re1 Ne5 14. Nxe5 Qxe5 15. Be3 Bc5 16. a5 Bxe3 17. Rxe3 Rhe8 18. axb6 axb6 19. Qe2 Qxc3 20. Ra8+ Kd7 21. Bb5+ c6 22. Rxd8+ Rxd8 23. Rxc3 cxb5 24. Qxb5+ Ke6 25. Qf5+ Ke7 26. Rc7+ 1-0

[Event "ESP-ch U14 rapid"]
[Site "Salobrena"]
[Date "2023.07.22"]
[Round "2"]
[White "Torres Rebolledo, Marcos"]
[Black "Torres Rebolledo, Alvaro"]
[Result "1-0"]
[WhiteElo "1596"]
[BlackElo "1951"]
[PlyCount "85"]
[EventDate "2023.07.22"]
[EventType "swiss (rapid)"]
[EventRounds "9"]
[EventCountry "ESP"]
[SourceTitle "EXT 2024"]
[Source "ChessBase"]
[SourceDate "2023.10.10"]
[SourceVersion "1"]
[SourceVersionDate "2023.10.10"]
[SourceQuality "1"]

1. d4 Nf6 2. Nf3 b6 3. e3 e6 4. Bd3 c5 5. c3 d5 6. 0-0 Bd6 7. Nbd2 Bb7 8. Qe2 Qc7 9. h3 0-0 10. e4 dxe4 11. Nxe4 Nxe4 12. Bxe4 Nd7 13. Bxb7 Qxb7 14. Rd1 Nf6 15. c4 cxd4 16. Nxd4 Bc5 17. Nf3 Rad8 18. Be3 Bxe3 19. Qxe3 h6 20. Ne5 Qc7 21. b3 Nd7 22. Nd3 Rfe8 23. Qf3 Nf6 24. Nb4 a5 25. Nc6 Rc8 26. Nd4 Qc5 27. Nb5 Rcd8 28. Rxd8 Rxd8 29. Rd1 Rxd1+ 30. Qxd1 Ne4 31. Qd4 Qxd4 32. Nxd4 Nc3 33. a3 Nb1 34. Nc2 Nd2 35. Na1 a4 36. c5 bxc5 37. bxa4 c4 38. a5 Nb3 39. a6 Nxa1 40. a7 c3 41. a8Q+ Kh7 42. Qe4+ g6 43. Qb1 1-0

[Event "ESP-ch U14"]
[Site "Salobrena"]
[Date "2023.07.19"]
[Round "4"]
[White "Deusa Ballesteros, Lucas"]
[Black "Torres Rebolledo, Alvaro"]
[Result "0-1"]
[WhiteElo "1937"]
[BlackElo "2113"]
[PlyCount "86"]
[EventDate "2023.07.17"]
[EventType "swiss"]
[EventRounds "9"]
[EventCountry "ESP"]
[SourceTitle "EXT 2024"]
[Source "ChessBase"]
[SourceDate "2023.10.10"]
[SourceVersion "1"]
[SourceVersionDate "2023.10.10"]
[SourceQuality "1"]

1. c4 e5 2. g3 c6 3. Bg2 Nf6 4. d4 Bb4+ 5. Bd2 Bxd2+ 6. Qxd2 d6 7. e3 0-0 8. Ne2 Re8 9. 0-0 e4 10. d5 cxd5 11. cxd5 Nbd7 12. Nbc3 Nb6 13. Qd4 Qe7 14. a4 Bg4 15. Rfe1 Qe5 16. Qxe5 Rxe5 17. Rad1 Nbxd5 18. Nxd5 Nxd5 19. Rd4 f5 20. h3 Bxe2 21. Rxe2 Rd8 22. Rc2 Kf7 23. Bf1 Ke7 24. b4 Rd7 25. Rcd2 Nc7 26. Bc4 Ne6 27. Bxe6 Kxe6 28. Rc4 a5 29. Rb2 b5 30. Rc6 bxa4 31. b5 Rb7 32. b6 Rc5 33. Rxc5 dxc5 34. Rb5 Kd5 35. Rxa5 Rxb6 36. Rxa4 Rb7 37. Kf1 Rd7 38. Ke2 Kc6 39. f3 Kb5 40. Ra1 c4 41. g4 exf3+ 42. Kxf3 fxg4+ 43. hxg4 c3 0-1

[Event "ESP-ch U12 rapid"]
[Site "Salobrena"]
[Date "2023.07.16"]
[Round "5"]
[White "Garcia Rodriguez, Adriana"]
[Black "Torres Rebolledo, Alvaro"]
[Result "0-1"]
[WhiteElo "1433"]
[BlackElo "1951"]
[PlyCount "90"]
[EventDate "2023.07.15"]
[EventType "swiss (rapid)"]
[EventRounds "9"]
[EventCountry "ESP"]
[SourceTitle "EXT 2024"]
[Source "ChessBase"]
[SourceDate "2023.10.10"]
[SourceVersion "1"]
[SourceVersionDate "2023.10.10"]
[SourceQuality "1"]

1. e4 c6 2. d4 g6 3. Nf3 Bg7 4. Be2 d5 5. exd5 cxd5 6. 0-0 Nf6 7. c3 0-0 8. Bf4 Nc6 9. Nbd2 Re8 10. Re1 Nd7 11. Bb5 Qb6 12. Qb3 a6 13. Ba4 Qxb3 14. Bxb3 e6 15. Bxd5 Ne7 16. Bb3 b5 17. Ne4 Nb6 18. Nd6 Rf8 19. Nxc8 Rfxc8 20. Ng5 Ned5 21. Bg3 b4 22. cxb4 Bxd4 23. Rab1 Nxb4 24. Re4 Nc6 25. Rf4 Ra7 26. Nxf7 Rxf7 27. Bxe6 Rcf8 28. Rc1 Nd8 29. Bxf7+ Nxf7 30. Rxd4 Re8 31. h3 Re2 32. Rb4 Nd5 33. Rb8+ Kg7 34. Kf1 Re6 35. Rd1 Nf6 36. Rb7 Ne4 37. Bf4 Kf6 38. Re1 g5 39. Be3 h5 40. Bd4+ Kg6 41. Rb4 Nd2+ 42. Kg1 Rxe1+ 43. Kh2 h4 44. Be3 Nf1+ 45. Kg1 Ng3+ 0-1

[Event "ESP-ch U12 rapid"]
[Site "Salobrena"]
[Date "2023.07.16"]
[Round "8"]
[White "Odriozola Coscolin, Dani"]
[Black "Torres Rebolledo, Alvaro"]
[Result "1/2-1/2"]
[WhiteElo "1561"]
[BlackElo "1951"]
[PlyCount "79"]
[EventDate "2023.07.15"]
[EventType "swiss (rapid)"]
[EventRounds "9"]
[EventCountry "ESP"]
[SourceTitle "EXT 2024"]
[Source "ChessBase"]
[SourceDate "2023.10.10"]
[SourceVersion "1"]
[SourceVersionDate "2023.10.10"]
[SourceQuality "1"]

1. e4 e5 2. Nf3 Nc6 3. Bc4 h6 4. 0-0 Nf6 5. d3 d6 6. c3 g5 7. Be3 Rg8 8. b4 g4 9. Nfd2 h5 10. a4 h4 11. Qb3 Qe7 12. a5 a6 13. Na3 Be6 14. Bxe6 fxe6 15. d4 g3 16. fxg3 hxg3 17. h3 Kd7 18. Nac4 exd4 19. cxd4 Re8 20. e5 Ng4 21. exd6 cxd6 22. Nb6+ Kd8 23. Nf3 Nh2 24. Nxh2 gxh2+ 25. Kxh2 Qg7 26. g4 Rh8 27. Kg2 Qh7 28. Rf3 Qe4 29. Raf1 Bg7 30. Kg3 Bxd4 31. Bg5+ Kc7 32. Rf7+ Kb8 33. Qf3 Be5+ 34. Kg2 Qc2+ 35. Rf2 Qg6 36. Nd7+ Ka8 37. Nb6+ Kb8 38. Nd7+ Ka8 39. Nb6+ Kb8 40. Nd7+ 1/2-1/2

[Event "ESP-ch U12 rapid"]
[Site "Salobrena"]
[Date "2023.07.15"]
[Round "1"]
[White "Torres Rebolledo, Alvaro"]
[Black "Alfaro Aldunate, Amaya"]
[Result "0-1"]
[WhiteElo "1951"]
[BlackElo "1248"]
[PlyCount "98"]
[EventDate "2023.07.15"]
[EventType "swiss (rapid)"]
[EventRounds "9"]
[EventCountry "ESP"]
[SourceTitle "EXT 2024"]
[Source "ChessBase"]
[SourceDate "2023.10.10"]
[SourceVersion "1"]
[SourceVersionDate "2023.10.10"]
[SourceQuality "1"]

1. d4 Nf6 2. Nf3 c5 3. e3 e6 4. Bd3 b6 5. b3 Bb7 6. Bb2 Nc6 7. a3 Be7 8. 0-0 0-0 9. Nbd2 Rc8 10. Rc1 d5 11. dxc5 Bxc5 12. b4 Be7 13. c4 dxc4 14. Bxc4 a6 15. Qe2 b5 16. Bd3 Qd7 17. Rfd1 Qc7 18. Nb3 Rfd8 19. Nc5 Bxc5 20. Rxc5 Qe7 21. Qc2 Na7 22. Rc1 Bxf3 23. gxf3 Rxc5 24. bxc5 h6 25. a4 Nd5 26. Be4 Nb4 27. Qc3 Qg5+ 28. Kh1 Na2 29. Qe1 Nxc1 30. Qxc1 Rc8 31. c6 bxa4 32. Bd4 Nb5 33. Bc5 Qd8 34. Qa1 f5 35. Bc2 Rxc6 36. Bxa4 Rxc5 37. Bb3 Qc8 38. Bxe6+ Qxe6 39. Qd1 Qc8 40. Kg2 Rc1 41. Qd5+ Kh7 42. h4 Rc5 43. Qf7 Rc7 44. Qd5 Qd7 45. Qe5 Qe7 46. Qxf5+ Kg8 47. Qh5 Qf7 48. Qe5 Qg6+ 49. Kh2 Qd6 0-1

[Event "Madrid Alcorcon op 1st"]
[Site "Madrid"]
[Date "2022.12.29"]
[Round "8"]
[White "Centeno Mendoza, Julio Stefano"]
[Black "Torres Rebolledo, Alvaro"]
[Result "1/2-1/2"]
[WhiteElo "2099"]
[BlackElo "1687"]
[PlyCount "51"]
[EventDate "2022.12.26"]
[EventType "swiss"]
[EventRounds "9"]
[EventCountry "ESP"]
[SourceTitle "CBM 212 Extra"]
[Source "ChessBase"]
[SourceDate "2023.03.31"]
[SourceVersion "1"]
[SourceVersionDate "2023.03.31"]
[SourceQuality "1"]

1. e4 c6 2. Nc3 d5 3. Nf3 dxe4 4. Nxe4 Nf6 5. Qe2 Nxe4 6. Qxe4 Qa5 7. Qf4 Qf5 8. Qe3 Qxc2 9. Bd3 Qa4 10. 0-0 f6 11. b3 Qa5 12. Bb2 Na6 13. Bc3 Qb6 14. Bxa6 Qxa6 15. Rfe1 e6 16. Nd4 c5 17. Nxe6 Bxe6 18. Qxe6+ Qxe6 19. Rxe6+ Kf7 20. Rae1 Rd8 21. R6e4 Bd6 22. d4 Rhe8 23. Rxe8 Rxe8 24. Rxe8 Kxe8 25. dxc5 Bxc5 26. Kf1 1/2-1/2

[Event "Madrid Alcorcon op 1st"]
[Site "Madrid"]
[Date "2022.12.29"]
[Round "7"]
[White "Estevez Sacristan, Deva"]
[Black "Torres Rebolledo, Alvaro"]
[Result "0-1"]
[WhiteElo "1958"]
[BlackElo "1687"]
[PlyCount "94"]
[EventDate "2022.12.26"]
[EventType "swiss"]
[EventRounds "9"]
[EventCountry "ESP"]
[SourceTitle "CBM 212 Extra"]
[Source "ChessBase"]
[SourceDate "2023.03.31"]
[SourceVersion "1"]
[SourceVersionDate "2023.03.31"]
[SourceQuality "1"]

1. e4 e5 2. Nf3 Nc6 3. Bb5 a6 4. Ba4 Nf6 5. d3 Bc5 6. 0-0 b5 7. Bb3 d6 8. Bg5 h6 9. Bh4 g5 10. Bg3 0-0 11. c3 Bb6 12. Nbd2 Kg7 13. Re1 Re8 14. Nf1 Ne7 15. Ne3 Ng6 16. a4 Rb8 17. axb5 axb5 18. Qc2 Nh5 19. Nd5 f5 20. exf5 Bxf5 21. Ne3 Bxe3 22. fxe3 g4 23. Nd2 Qg5 24. Ra7 Rbc8 25. Bd5 Nf6 26. Bc6 Re7 27. Bxb5 h5 28. Re2 h4 29. Be1 Rf8 30. Bc6 d5 31. Nf1 Ref7 32. Ra8 Rxa8 33. Bxa8 c5 34. c4 e4 35. dxe4 Bxe4 36. Qc3 d4 37. Qa5 d3 38. Rf2 g3 39. hxg3 hxg3 40. Nxg3 Qxg3 41. Bxe4 Qxe3 42. Bxg6 Kxg6 43. Bd2 Qd4 44. Bc3 d2 45. Bxd2 Ng4 46. Qb6+ Kh7 47. Be1 Rxf2 0-1

[Event "EU-ch U10 30th"]
[Site "Antalya"]
[Date "2022.11.07"]
[Round "2"]
[White "Jimji, Vitali"]
[Black "Torres Rebolledo, Alvaro"]
[Result "1-0"]
[WhiteElo "1543"]
[BlackElo "1794"]
[PlyCount "75"]
[EventDate "2022.11.06"]
[EventType "swiss"]
[EventRounds "9"]
[EventCountry "TUR"]
[SourceTitle "CBM 211 Extra"]
[Source "ChessBase"]
[SourceDate "2023.01.31"]
[SourceVersion "1"]
[SourceVersionDate "2023.01.31"]
[SourceQuality "1"]

1. d4 d5 2. c4 e6 3. Nc3 Be7 4. Nf3 Nf6 5. Bg5 h6 6. Bxf6 Bxf6 7. e3 0-0 8. cxd5 exd5 9. Bd3 c6 10. h3 a5 11. a3 Qd6 12. 0-0 Nd7 13. Bc2 Re8 14. Re1 g6 15. e4 dxe4 16. Nxe4 Qf8 17. Qd3 Bg7 18. Bb3 Nb6 19. Nf6+ Bxf6 20. Qxg6+ Bg7 21. Bxf7+ Qxf7 22. Rxe8+ Qxe8 23. Qxe8+ Kh7 24. Ne5 Bf5 25. Qf7 Rf8 26. Qxb7 Nd5 27. Qxc6 Nf4 28. b4 Ne2+ 29. Kh1 Nxd4 30. Qd5 Ne6 31. Nd7 Rf7 32. Re1 Ng5 33. h4 Be6 34. Rxe6 Nxe6 35. Qxe6 Rf4 36. g3 Rxf2 37. b5 Bd4 38. Qe4+ 1-0

[Event "ESP-ch U14 Rapid"]
[Site "Salobrena"]
[Date "2022.07.24"]
[Round "9"]
[White "Arce Gonzalez, Dario"]
[Black "Torres Rebolledo, Alvaro"]
[Result "0-1"]
[WhiteElo "1678"]
[BlackElo "1558"]
[PlyCount "98"]
[EventDate "2022.07.23"]
[EventType "swiss (rapid)"]
[EventRounds "9"]
[EventCountry "ESP"]
[SourceTitle "EXT 2023"]
[Source "ChessBase"]
[SourceDate "2022.10.05"]
[SourceVersion "1"]
[SourceVersionDate "2022.10.05"]
[SourceQuality "1"]

1. e4 e5 2. Nf3 Nc6 3. d4 exd4 4. Nxd4 Bc5 5. Nb3 Bb6 6. Nc3 Nf6 7. Qe2 d6 8. Be3 Bxe3 9. Qxe3 0-0 10. 0-0-0 Ne5 11. f3 Re8 12. Kb1 a5 13. g4 Nxf3 14. Qxf3 Bxg4 15. Qd3 Bxd1 16. Qxd1 Nxe4 17. Nxe4 Rxe4 18. Bd3 Re5 19. Rg1 Qf6 20. Rf1 Qe7 21. Nd4 g6 22. Nf3 Re3 23. Qd2 Re8 24. a3 Qe6 25. Qxa5 Rxd3 26. cxd3 Qe2 27. Re1 Qxd3+ 28. Ka1 Rxe1+ 29. Nxe1 Qd1+ 30. Ka2 Qc1 31. Qc3 Qxc3 32. bxc3 f5 33. Kb3 g5 34. Kc4 Kf7 35. Kd5 h5 36. Kd4 Ke6 37. c4 c5+ 38. Kd3 Ke5 39. Ke3 f4+ 40. Kd3 g4 41. a4 h4 42. a5 h3 43. Ke2 Ke4 44. Nd3 g3 45. hxg3 fxg3 46. Nf2+ gxf2 47. Kxf2 Kd4 48. Kg3 Kxc4 49. Kxh3 d5 0-1

[Event "ESP-ch U14 Rapid"]
[Site "Salobrena"]
[Date "2022.07.23"]
[Round "1"]
[White "Chicote Sagredo, Hugo"]
[Black "Torres Rebolledo, Alvaro"]
[Result "0-1"]
[WhiteElo "1274"]
[BlackElo "1558"]
[PlyCount "84"]
[EventDate "2022.07.23"]
[EventType "swiss (rapid)"]
[EventRounds "9"]
[EventCountry "ESP"]
[SourceTitle "EXT 2023"]
[Source "ChessBase"]
[SourceDate "2022.10.05"]
[SourceVersion "1"]
[SourceVersionDate "2022.10.05"]
[SourceQuality "1"]

1. d4 d5 2. Nc3 Nf6 3. Bf4 a6 4. e3 e6 5. Nf3 Bd6 6. Bd3 Bxf4 7. exf4 c5 8. dxc5 Nbd7 9. 0-0 Nxc5 10. Be2 0-0 11. Ne5 Nfe4 12. Nxe4 Nxe4 13. Bf3 f6 14. Nd3 Qd6 15. g3 b5 16. Re1 Bb7 17. Bg2 Rfe8 18. Qg4 Rac8 19. Re2 Nc5 20. Nxc5 Rxc5 21. Rae1 e5 22. fxe5 Rxe5 23. c3 Rc4 24. Qf3 Rce4 25. Rxe4 dxe4 26. Qe3 f5 27. Qf4 Rd5 28. Qxd6 Rxd6 29. Re2 Rd1+ 30. Bf1 Bd5 31. b3 a5 32. Rc2 g5 33. c4 bxc4 34. bxc4 Bc6 35. Rb2 f4 36. Rb8+ Kg7 37. gxf4 gxf4 38. Rc8 Bd7 39. Rc7 Kf6 40. Ra7 Bh3 41. Ra6+ Kg5 42. Rxa5+ Kh4 0-1

[Event "ESP-ch U14 Rapid"]
[Site "Salobrena"]
[Date "2022.07.23"]
[Round "2"]
[White "Torres Rebolledo, Alvaro"]
[Black "Bethencourt Hernandez, Alberto"]
[Result "0-1"]
[WhiteElo "1558"]
[BlackElo "1370"]
[PlyCount "122"]
[EventDate "2022.07.23"]
[EventType "swiss (rapid)"]
[EventRounds "9"]
[EventCountry "ESP"]
[SourceTitle "EXT 2023"]
[Source "ChessBase"]
[SourceDate "2022.10.05"]
[SourceVersion "1"]
[SourceVersionDate "2022.10.05"]
[SourceQuality "1"]

1. e4 c5 2. b4 cxb4 3. a3 Nc6 4. d4 d5 5. e5 e6 6. Nf3 bxa3 7. Nxa3 Bb4+ 8. Bd2 Bxd2+ 9. Qxd2 Nge7 10. Nb5 0-0 11. Bd3 Bd7 12. Nd6 Qc7 13. Ng5 h6 14. Bh7+ Kh8 15. Ndxf7+ Rxf7 16. Nxf7+ Kxh7 17. Nd6 Rf8 18. 0-0 a6 19. Rfb1 Bc8 20. Qd3+ Kg8 21. Nxc8 Nxc8 22. c4 Nb6 23. c5 Nc4 24. Qb3 N6a5 25. Qb4 Rf4 26. Qc3 Nc6 27. Rd1 Qf7 28. Ra2 Qf5 29. Re2 Qg4 30. f3 Qf5 31. Kf2 Rh4 32. Kg1 a5 33. g3 Rh3 34. Rf2 Qg6 35. Qb3 Nb4 36. Rdf1 Qd3 37. Qa4 Nd2 38. Qe8+ Kh7 39. Qxe6 Nxf1 40. Qxh3 Ne3 41. c6 Nxc6 42. Rb2 Nxd4 43. e6 Qd1+ 44. Kf2 Qxf3+ 45. Kg1 Nxe6 46. Rb1 Ng5 47. Qf1 Nxf1 48. Rxf1 Qe3+ 49. Kg2 Qe2+ 50. Rf2 Qxf2+ 51. Kxf2 a4 52. Ke3 a3 53. h4 a2 54. hxg5 a1Q 55. g6+ Kxg6 56. g4 Qc3+ 57. Ke2 Kg5 58. Kd1 Qb2 59. Ke1 Kf4 60. g5 Ke3 61. Kf1 Qf2# 0-1

[Event "ESP-ch U10 Rapid"]
[Site "Salobrena"]
[Date "2022.07.10"]
[Round "8"]
[White "Perez Vidal, Ian"]
[Black "Torres Rebolledo, Alvaro"]
[Result "0-1"]
[WhiteElo "1331"]
[BlackElo "1887"]
[PlyCount "88"]
[EventDate "2022.07.09"]
[EventType "swiss (rapid)"]
[EventRounds "9"]
[EventCountry "ESP"]
[SourceTitle "EXT 2023"]
[Source "ChessBase"]
[SourceDate "2022.10.05"]
[SourceVersion "1"]
[SourceVersionDate "2022.10.05"]
[SourceQuality "1"]

1. e4 e5 2. Nf3 Nc6 3. Bb5 a6 4. Ba4 Nf6 5. 0-0 Be7 6. c3 b5 7. Bb3 0-0 8. Re1 d5 9. exd5 Nxd5 10. Nxe5 Nxe5 11. Rxe5 c6 12. d4 Bd6 13. Re1 Qh4 14. h3 Bxh3 15. Bxd5 cxd5 16. Qf3 Bg4 17. g3 Bxf3 18. gxh4 Rae8 19. Re3 Bf4 20. Rxf3 Bxc1 21. b3 Bb2 22. Nd2 Bxa1 23. Nb1 Re1+ 24. Kg2 Rxb1 25. Rf5 Bxc3 26. Rxd5 Rd1 27. Rd6 Rxd4 28. Rxa6 Rd2 29. a3 Bd4 30. Ra5 Rxf2+ 31. Kg3 Ra2 32. Rxb5 Rxa3 33. Rb4 Bc5 34. Rb5 Bd6+ 35. Kg4 f5+ 36. Kg5 h6+ 37. Kg6 Rf6+ 38. Kh5 Kh7 39. Rxf5 Rxf5+ 40. Kg4 Rf4+ 41. Kg3 Rxb3+ 42. Kg2 Ra4 43. h5 Ra2+ 44. Kf1 Rb1# 0-1

[Event "ESP-ch U10 Rapid"]
[Site "Salobrena"]
[Date "2022.07.10"]
[Round "7"]
[White "Torres Rebolledo, Alvaro"]
[Black "Calvo Miguez, Sergio"]
[Result "1-0"]
[WhiteElo "1887"]
[BlackElo "1192"]
[PlyCount "133"]
[EventDate "2022.07.09"]
[EventType "swiss (rapid)"]
[EventRounds "9"]
[EventCountry "ESP"]
[SourceTitle "EXT 2023"]
[Source "ChessBase"]
[SourceDate "2022.10.05"]
[SourceVersion "1"]
[SourceVersionDate "2022.10.05"]
[SourceQuality "1"]

1. e4 c5 2. c3 d5 3. exd5 Qxd5 4. d4 cxd4 5. cxd4 g6 6. Nc3 Qd8 7. Bc4 Bg7 8. Qb3 e6 9. d5 Qe7 10. Nge2 Nf6 11. dxe6 Bxe6 12. Bxe6 fxe6 13. 0-0 0-0 14. Nd4 Re8 15. Re1 Nc6 16. Nxe6 Qf7 17. Bf4 Nd7 18. Nxg7 Qxb3 19. axb3 Kxg7 20. Nd5 Nd4 21. g3 Nxb3 22. Rxe8 Rxe8 23. Rxa7 Re1+ 24. Kg2 Ndc5 25. Be3 Re2 26. Bxc5 Nxc5 27. b4 Rd2 28. bxc5 Rxd5 29. Rxb7+ Kf6 30. c6 Rc5 31. Rxh7 Rxc6 32. h4 Rc3 33. Rb7 Ra3 34. Rb6+ Kg7 35. Kh3 Rf3 36. Kg2 Ra3 37. f4 Ra5 38. Kh3 Kh6 39. Kg4 Rf5 40. Kf3 Ra5 41. Rb3 Ra1 42. Rb5 Ra3+ 43. Kg4 Re3 44. Re5 Ra3 45. h5 Ra6 46. hxg6 Rxg6+ 47. Kh4 Ra6 48. g4 Ra1 49. Re6+ Kg7 50. Kg5 Ra5+ 51. f5 Rb5 52. Re7+ Kf8 53. Ra7 Rb8 54. Kg6 Rb6+ 55. f6 Rb8 56. Rh7 Kg8 57. f7+ Kf8 58. Rh8+ Ke7 59. Rxb8 Ke6 60. f8Q Kd5 61. Qf5+ Kd4 62. Rb4+ Kc3 63. Rf4 Kd2 64. Qd5+ Ke3 65. Qd4+ Ke2 66. Rf2+ Ke1 67. Qd2# 1-0

[Event "ESP-ch U10"]
[Site "Salobrena"]
[Date "2022.07.09"]
[Round "9"]
[White "Torres Rebolledo, Alvaro"]
[Black "Torres Herrera, Guillem"]
[Result "1-0"]
[WhiteElo "1887"]
[BlackElo "1449"]
[PlyCount "71"]
[EventDate "2022.07.04"]
[EventType "swiss"]
[EventRounds "9"]
[EventCountry "ESP"]
[SourceTitle "EXT 2023"]
[Source "ChessBase"]
[SourceDate "2022.10.05"]
[SourceVersion "1"]
[SourceVersionDate "2022.10.05"]
[SourceQuality "1"]

1. e4 e6 2. Qe2 Be7 3. d4 d5 4. e5 Bg5 5. f4 Be7 6. Nf3 c5 7. c3 a6 8. Be3 Nd7 9. Qf2 b6 10. Bd3 cxd4 11. cxd4 Bb4+ 12. Nbd2 Ne7 13. a3 Bxd2+ 14. Bxd2 h6 15. 0-0 0-0 16. Rae1 Kh8 17. f5 Nxf5 18. Bxf5 exf5 19. Nh4 f4 20. e6 fxe6 21. Ng6+ Kg8 22. Nxf8 Nxf8 23. Bxf4 Ra7 24. Be5 Nh7 25. h4 Nf8 26. Re3 Ng6 27. Rf3 h5 28. Rf7 Re7 29. Bxg7 Qe8 30. Rxe7 Qxe7 31. Bf6 Qf7 32. Qg3 Kh7 33. Be5 Qe8 34. Qg5 Nxe5 35. dxe5 Qg6 36. Qe7+ 1-0